[Event "Bohumin op-A 8th"]
[Site "Bohumin"]
[Date "2025.07.03"]
[Round "7"]
[White "Dobrovolsky, Ladislav"]
[Black "Marszalek, Maciej"]
[Result "0-1"]
[WhiteElo "2103"]
[BlackElo "2284"]
[PlyCount "140"]
[EventDate "2025.06.28"]
[EventType "swiss"]
[EventRounds "9"]
[EventCountry "CZE"]
[SourceTitle "CB28_2025"]
[SourceDate "2025.07.09"]
[SourceVersion "1"]
[SourceVersionDate "2025.07.09"]
[SourceQuality "1"]

1. Nf3 Nf6 2. c4 g6 3. Nc3 Bg7 4. e4 d6 5. d4 Bg4 6. Be2 Bxf3 7. Bxf3 e5 8. d5 h5 9. Bg5 Bh6 10. Bxh6 Rxh6 11. Qd2 Rh8 12. a3 a5 13. 0-0 Nbd7 14. Rab1 a4 15. Bd1 Nc5 16. Bc2 Nfd7 17. Nb5 Kf8 18. Qc3 Kg8 19. f4 exf4 20. Rxf4 Ne5 21. Rbf1 Rh7 22. Qd4 Rg7 23. h3 Qe7 24. Nc3 Ned7 25. Nb5 Rc8 26. Qc3 Ne5 27. Nd4 Re8 28. b4 axb3 29. Nxb3 Nxb3 30. Qxb3 b6 31. Qc3 Ra8 32. a4 Nd7 33. Ra1 Qe5 34. Qxe5 Nxe5 35. Bb3 Ra5 36. Rf2 Rh7 37. Rc2 Kg7 38. Kf2 Rh8 39. Ke3 Re8 40. Kd4 Nd7 41. Rf2 Re7 42. Bc2 Ra8 43. h4 Nc5 44. Rf4 Rae8 45. Ra3 Ra8 46. Bd1 Nd7 47. Rf2 Ra5 48. Rb2 Re8 49. Rb5 Ra7 50. Bc2 Nc5 51. Rb1 Raa8 52. Rf1 Re7 53. Rf4 Rae8 54. Raf3 Nd7 55. Ra3 Ra8 56. Rf1 Ne5 57. a5 c5+ 58. Kc3 bxa5 59. Rb1 Rea7 60. Ba4 Ng4 61. Rb6 Ra6 62. Rb7 R6a7 63. Rb6 Rd8 64. Bc2 Kf6 65. Rab3 Ke5 66. Rb8 Rxb8 67. Rxb8 a4 68. Re8+ Kf6 69. Kb2 Ne5 70. Rd8 Ke7 0-1

[Event "Bohumin op-A 8th"]
[Site "Bohumin"]
[Date "2025.06.29"]
[Round "3"]
[White "Grabarczyk, Miroslaw"]
[Black "Marszalek, Maciej"]
[Result "1/2-1/2"]
[WhiteElo "2289"]
[BlackElo "2284"]
[PlyCount "36"]
[EventDate "2025.06.28"]
[EventType "swiss"]
[EventRounds "9"]
[EventCountry "CZE"]
[SourceTitle "CB28_2025"]
[SourceDate "2025.07.09"]
[SourceVersion "1"]
[SourceVersionDate "2025.07.09"]
[SourceQuality "1"]

1. d4 Nf6 2. c4 e6 3. Nc3 c5 4. d5 exd5 5. cxd5 d6 6. Nf3 g6 7. g3 Bg7 8. Bg2 0-0 9. 0-0 a6 10. a4 Re8 11. Nd2 Nbd7 12. a5 b5 13. axb6 Nxb6 14. Nb3 Nc4 15. Ra4 Nb6 16. Ra2 Nc4 17. Ra4 Nb6 18. Ra2 Nc4 1/2-1/2

[Event "Krakow op"]
[Site "Krakow"]
[Date "2024.06.28"]
[Round "8"]
[White "Marszalek, Maciej"]
[Black "Turski, Bartlomiej"]
[Result "1/2-1/2"]
[WhiteElo "2255"]
[BlackElo "2334"]
[PlyCount "53"]
[EventDate "2024.06.22"]
[EventType "swiss"]
[EventRounds "9"]
[EventCountry "POL"]
[SourceTitle "CBM 220 Extra"]
[Source "ChessBase"]
[SourceDate "2024.07.31"]
[SourceVersion "1"]
[SourceVersionDate "2024.07.31"]
[SourceQuality "1"]

1. c4 e5 2. e3 Nf6 3. Nc3 Bb4 4. Nge2 0-0 5. a3 Be7 6. Qc2 c6 7. d4 exd4 8. Nxd4 d5 9. Nf5 Re8 10. Nxe7+ Rxe7 11. Be2 Be6 12. cxd5 cxd5 13. 0-0 d4 14. Nb5 Nc6 15. Nxd4 Nxd4 16. exd4 Qxd4 17. Be3 Qe5 18. Qc5 Nd5 19. Bf3 b6 20. Qd4 Qxd4 21. Bxd4 Rd8 22. h3 Red7 23. Be5 f6 24. Bg3 Kf7 25. Rfe1 Ne7 26. Bf4 Nf5 27. Be3 1/2-1/2

[Event "Krakow op"]
[Site "Krakow"]
[Date "2024.06.23"]
[Round "2"]
[White "Marszalek, Maciej"]
[Black "Alexiadis, Hristos"]
[Result "1/2-1/2"]
[WhiteElo "2255"]
[BlackElo "2378"]
[PlyCount "54"]
[EventDate "2024.06.22"]
[EventType "swiss"]
[EventRounds "9"]
[EventCountry "POL"]
[SourceTitle "CBM 220 Extra"]
[Source "ChessBase"]
[SourceDate "2024.07.31"]
[SourceVersion "1"]
[SourceVersionDate "2024.07.31"]
[SourceQuality "1"]

1. c4 Nf6 2. Nc3 g6 3. g3 Bg7 4. Bg2 0-0 5. e4 c5 6. Nge2 Nc6 7. d3 Rb8 8. 0-0 a6 9. a4 d6 10. h3 Ne8 11. Be3 Nc7 12. d4 cxd4 13. Nxd4 Ne6 14. Nde2 Bd7 15. Rb1 Na5 16. b3 b5 17. cxb5 axb5 18. Qd3 bxa4 19. bxa4 Nb3 20. Nd5 Bxa4 21. Qc4 Nec5 22. Nec3 Bd7 23. Bxc5 Nxc5 24. Rxb8 Qxb8 25. Nxe7+ Kh8 26. Ned5 Qd8 27. Ra1 Be6 1/2-1/2